| 000 | 00515nam a22001817a 4500 | ||
|---|---|---|---|
| 999 |
_c5761 _d5761 |
||
| 003 | AR-CdUCM | ||
| 008 | 190313b ||||| |||| 00| 0 spa d | ||
| 040 |
_aMUNICIPALIDAD PROVINCIAL DEL CUSCO _cBIBLIOTECA MUNICIPAL DEL CUSCO |
||
| 082 |
_a869.56 / _bH51 |
||
| 100 |
_aHidalgo, Alberto _95809 |
||
| 245 | _aOdas en contra / | ||
| 260 |
_aParís : _bTinta de Fuego, _c1958. |
||
| 300 |
_a89 páginas ; _c18 cm. |
||
| 650 |
_aPoesías peruanas _91481 |
||
| 650 |
_aSiglo XX _98 |
||
| 942 |
_2ddc _cLIBROS |
||
| 945 | _azta | ||